| 000 | 00589cam a2200181 a 4500 | ||
|---|---|---|---|
| 001 | 2483642 | ||
| 005 | 20240222004725.0 | ||
| 008 | 911031s1990 ce ac b 000 0 eng | ||
| 020 | _a9552600049 | ||
| 040 |
_aDLC _cDLC _dDLC |
||
| 082 |
_222 _a322.42. _bROH |
||
| 100 | 1 | _aGunaratna, Rohan, | |
| 245 | 1 | 0 |
_aSri Lanka, a lost revolution? : _bthe inside story of the JVP / _cRohan Gunaratna. |
| 260 |
_aKandy : _bInstitute of Fundamental Studies, _c1990. |
||
| 300 | _aviii, 366 p. : | ||
| 500 | _aAbout the Janatā Vimukti Peramuṇa, politico-military organization in Sri Lanka. | ||
| 942 | _cL | ||
| 999 |
_c470 _d470 |
||